| 000 | 00936cam a2200241 i 4500 | ||
|---|---|---|---|
| 005 | 20251108164715.0 | ||
| 008 | 250721s2009 jo gr 000 0 ara d | ||
| 020 | _a9789957408923 | ||
| 082 | 1 | 4 |
_a155.4 _bن م و |
| 100 | 1 |
_aكماش، يوسف لازم _eمؤلف |
|
| 245 | 1 | 0 |
_aنمو الطفل : _bالتكويني - الوظيفي - النفسي / _cتأليف د. يوسف لازم كماش [وثلاثة آخرون]. |
| 250 | _aالطبعة الأولى. | ||
| 264 | 1 |
_aعمان : _bدار الخليج ناشرون وموزعون، _c2009. |
|
| 300 | _a268 صفحة. | ||
| 650 | 1 | 7 | _aسيكولوجيه الأطفال. |
| 650 | 1 | 7 | _aسيكولوجيه النمو. |
| 650 | 1 | 7 | _aنمو الأطفال. |
| 700 | 1 |
_aجليل، عبد الكاظم _eمؤلف |
|
| 700 | 1 |
_aصالح، ذو الفقار _eمؤلف |
|
| 700 | 1 |
_aعيسى، حسن موسى _eمؤلف |
|
| 942 |
_2ddc _cBK |
||
| 999 |
_c12375 _d12375 |
||